000 00452nam a2200121 a 4500
008 120416s9999 ||||||||||||||||| || u
050 _aNA 440 Fra
100 _aFrankl, Paul
245 1 0 _aGothic architecture
_c[translated from the German by Dieter Pevsher]
260 _a[1962]
350 _a0.00
995 _D0.00
_FCBU-MAIN LIBRARY (Kitwe)
_H1
_I0.00
_M1
_UAVAILABLE
_ZAnnex Low-Usage Collection
999 _c44803
_d44803